Normal view
MARC view
- Bangladesh
Entry Geographic Name
001 - CONTROL NUMBER
- control field: 4793
003 - CONTROL NUMBER IDENTIFIER
- control field: NUST
005 - DATE AND TIME OF LATEST TRANSACTION
- control field: 20170922101331.0
008 - FIXED-LENGTH DATA ELEMENTS
- fixed length control field: 170922|| aca||aabn | a|a d
040 ## - CATALOGING SOURCE
- Original cataloging agency: NUST
- Transcribing agency: NUST
151 ## - HEADING--GEOGRAPHIC NAME
- Geographic name: Bangladesh
- General subdivision: History
- Chronological subdivision: Revolution, 1971
- General subdivision: Public opinion.
670 ## - SOURCE DATA FOUND
- Source citation: Work cat.: (NUST)0: Afrasiab, author. 4792, 1971 fact and fiction :
